সুন্দরবনের ইতিহাস : (Record no. 259168)
[ view plain ]
| 000 -LEADER | |
|---|---|
| fixed length control field | 01229nam a22002177a 4500 |
| 003 - CONTROL NUMBER IDENTIFIER | |
| control field | BD-DhUL |
| 005 - DATE AND TIME OF LATEST TRANSACTION | |
| control field | 20240321114010.0 |
| 008 - FIXED-LENGTH DATA ELEMENTS--GENERAL INFORMATION | |
| fixed length control field | 240321s2024 bg b|||| b||| 00| 0 ben d |
| 040 ## - CATALOGING SOURCE | |
| Original cataloging agency | BD-DhUL |
| Transcribing agency | BD-DhUL |
| 082 ## - DEWEY DECIMAL CLASSIFICATION NUMBER | |
| Classification number | 954.925 |
| Item number | AKS |
| 100 10 - MAIN ENTRY--PERSONAL NAME | |
| Personal name | আক্তার, সুরাইয়া |
| 245 ## - TITLE STATEMENT | |
| Title | সুন্দরবনের ইতিহাস : |
| Remainder of title | পরিবেশ, জনজীবন ও রাজনৈতিক-অর্থনীতি / |
| Statement of responsibility, etc. | সুরাইয়া আক্তার |
| Medium | অভিসন্দর্ভ [এম.ফিল] |
| 260 ## - PUBLICATION, DISTRIBUTION, ETC. (IMPRINT) | |
| Place of publication, distribution, etc. | ঢাকা : |
| Name of publisher, distributor, etc. | ঢাকা বিশ্ববিদ্যালয়, |
| Date of publication, distribution, etc. | ২০২৪ । |
| 300 ## - PHYSICAL DESCRIPTION | |
| Extent | xxix, ৩৩৪ পৃ. : |
| Other physical details | রঙ্গিন চিত্র, রঙ্গিন মানচিত্র ; |
| Dimensions | ৩০ সেমি |
| 504 ## - BIBLIOGRAPHY, ETC. NOTE | |
| Bibliography, etc | অভিসন্দর্ভ --[এম.ফিল]- -ইতিহাস বিভাগ, ঢাকা বিশ্ববিদ্যালয়, ২০২৪ গ্রন্থপঞ্জিগত তথ্য সংবলিত |
| 650 ## - SUBJECT ADDED ENTRY--TOPICAL TERM | |
| Topical term or geographic name as entry element | ইকোলজি |
| 650 ## - SUBJECT ADDED ENTRY--TOPICAL TERM | |
| Topical term or geographic name as entry element | Ecology |
| 651 ## - SUBJECT ADDED ENTRY--GEOGRAPHIC NAME | |
| Geographic name | সুন্দরবন |
| General subdivision | ইতিহাস |
| 651 ## - SUBJECT ADDED ENTRY--GEOGRAPHIC NAME | |
| Geographic name | Sundarbans |
| General subdivision | History |
| 942 ## - ADDED ENTRY ELEMENTS (KOHA) | |
| Source of classification or shelving scheme | |
| Koha item type | Reference |
| Price effective from | Date last seen | Permanent Location | Not for loan | Date acquired | Source of classification or shelving scheme | Koha item type | Lost status | Withdrawn status | Source of acquisition | Collection code | Damaged status | Shelving location | Barcode | Current Location | Full call number |
|---|---|---|---|---|---|---|---|---|---|---|---|---|---|---|---|
| 2024-03-21 | 2024-03-21 | Dhaka University Library | 2024-03-21 | Reference | Gift | Reference | Rare Collection | 522201 | Dhaka University Library | 954.925 AKS |
